000 00497nam a2200205Ia 4500
005 20240823020510.0
008 240823s9999||||xx |||||||||||||| ||und||
020 _a81-297-1153-2
041 _aENGLISH
082 _A005.7565 P5
100 _aDuane Hanselman
245 0 _aMastering MATLAB 7
250 _a1st
260 _c2005
_b"Pearson Education,New "
500 _aTRANSFERED
650 _aMatlab
_bComputer Science
700 _a Bruce Littlefield
942 _cBK
999 _c174897
_d174897